[Event "Tradewise Gibraltar ChallWk1"]
[Site "Gibraltar"]
[Date "2017.01.24"]
[Round "2.22"]
[White "Ungureanu, Sandu"]
[Black "Dizdar, Orkun"]
[Result "1/2-1/2"]
[WhiteElo "2071"]
[BlackElo "1942"]
[PlyCount "151"]
[EventDate "2017.01.23"]
[EventType "swiss"]
[EventRounds "5"]
[EventCountry "GGB"]
[SourceTitle "BritBase"]
[Source "www.saund.co.uk"]
[SourceDate "2018.02.10"]
[SourceVersion "1"]
[SourceVersionDate "2018.02.10"]
[SourceQuality "1"]

1. e3 c5 2. d4 cxd4 3. exd4 Nf6 4. Nf3 g6 5. Bc4 d5 6. Bb5+ Bd7 7. Bxd7+ Nbxd7
8. O-O Bg7 9. Bf4 O-O 10. c3 Qb6 11. Qb3 Rac8 12. Ne5 e6 13. Nxd7 Nxd7 14. Qxb6
Nxb6 15. Nd2 Na4 16. Rab1 Rc6 17. Nb3 b6 18. Rfe1 Rfc8 19. Kf1 Bf6 20. f3 Bd8
21. Nc1 b5 22. Nd3 a5 23. a3 Be7 24. Bd2 Nb6 25. Ke2 Nc4 26. g4 f6 27. h4 Kg7
28. Rh1 e5 29. dxe5 fxe5 30. Bg5 Bf8 31. Rbd1 e4 32. fxe4 dxe4 33. Nf2 Nxb2 34.
Rd7+ Kg8 35. Nxe4 Re6 36. Kf3 Bg7 37. Rd8+ Rxd8 38. Bxd8 Nc4 39. g5 Ne5+ 40.
Kg2 Nc6 41. Nf6+ Kf7 42. Rd1 Nxd8 43. Rxd8 Bxf6 44. gxf6 Kxf6 45. Ra8 a4 46.
Rf8+ Kg7 47. Rb8 Rc6 48. h5 Rxc3 49. hxg6 hxg6 50. Rxb5 Rxa3 51. Ra5 Kh6 52.
Kh2 g5 53. Rc5 Kh5 54. Rc4 g4 55. Rc8 g3+ 56. Kh3 Kg5 57. Ra8 Kf5 58. Kg2 Ke5
59. Ra7 Kd6 60. Ra8 Kc7 61. Kh3 Kb7 62. Ra5 Kb6 63. Ra8 Kb5 64. Rb8+ Kc4 65.
Ra8 Kb3 66. Ra7 Ra2 67. Kxg3 Ka3 68. Kf3 Rb2 69. Ke3 Rb4 70. Kd3 Ka2 71. Kc3
Rb3+ 72. Kc2 a3 73. Ra8 Rb7 74. Rc8 Rb2+ 75. Kc1 Rh2 76. Rc2+ 1/2-1/2

[Event "Tradewise Gibraltar ChallWk1"]
[Site "Gibraltar"]
[Date "2017.01.24"]
[Round "2.23"]
[White "Mashayekh, Majid"]
[Black "Lochte, Thomas"]
[Result "0-1"]
[WhiteElo "1944"]
[BlackElo "2070"]
[PlyCount "68"]
[EventDate "2017.01.23"]
[EventType "swiss"]
[EventRounds "5"]
[EventCountry "GGB"]
[SourceTitle "BritBase"]
[Source "www.saund.co.uk"]
[SourceDate "2018.02.10"]
[SourceVersion "1"]
[SourceVersionDate "2018.02.10"]
[SourceQuality "1"]

1. d4 Nf6 2. Nf3 e6 3. c4 c5 4. e3 d5 5. Nc3 Nc6 6. dxc5 Bxc5 7. a3 a5 8. Be2
O-O 9. O-O Ne4 10. Qc2 Nxc3 11. Qxc3 d4 12. exd4 Nxd4 13. Nxd4 Bxd4 14. Qf3 e5
15. Rb1 Ra6 16. Bd3 f5 17. Qd5+ Be6 18. Qxd8 Rxd8 19. Be2 f4 20. c5 Rc6 21. b4
Ba2 22. Bb2 Bxb1 23. Bxd4 Rxd4 24. Rxb1 axb4 25. axb4 Rc7 26. f3 Kf8 27. Kf1
Ke7 28. Ke1 Ke6 29. Rb3 Rcd7 30. b5 Rc7 31. Rc3 Kd5 32. Bd3 Rxc5 33. Be4+ Rxe4+
34. fxe4+ Kd4 0-1

[Event "Tradewise Gibraltar ChallWk1"]
[Site "Gibraltar"]
[Date "2017.01.24"]
[Round "2.24"]
[White "Smith, Andrew Philip"]
[Black "Jimenez Ruiz, Jose Carlos"]
[Result "1-0"]
[WhiteElo "2152"]
[BlackElo "1899"]
[PlyCount "55"]
[EventDate "2017.01.23"]
[EventType "swiss"]
[EventRounds "5"]
[EventCountry "GGB"]
[SourceTitle "BritBase"]
[Source "www.saund.co.uk"]
[SourceDate "2018.02.10"]
[SourceVersion "1"]
[SourceVersionDate "2018.02.10"]
[SourceQuality "1"]

1. e4 d6 2. d4 Nf6 3. Nc3 c6 4. f4 Qa5 5. e5 Nd5 6. Bd2 Qb6 7. Nxd5 cxd5 8. Bc3
Bf5 9. Bd3 Bxd3 10. Qxd3 e6 11. Nf3 Nc6 12. O-O g6 13. Kh1 dxe5 14. fxe5 Bg7
15. Ng5 O-O 16. Qh3 h6 17. Nf3 Rae8 18. g4 f6 19. exf6 Rxf6 20. g5 Rf5 21. gxh6
Bf6 22. Nh4 Bxh4 23. Rxf5 exf5 24. Qxh4 Qd8 25. Qxd8 Nxd8 26. Re1 Rxe1+ 27.
Bxe1 Nf7 28. Bd2 1-0

[Event "Tradewise Gibraltar ChallWk1"]
[Site "Gibraltar"]
[Date "2017.01.24"]
[Round "2.25"]
[White "Gostelow, David W"]
[Black "Bendayan Claros, Aaron"]
[Result "1-0"]
[WhiteElo "1970"]
[BlackElo "2128"]
[PlyCount "108"]
[EventDate "2017.01.23"]
[EventType "swiss"]
[EventRounds "5"]
[EventCountry "GGB"]
[SourceTitle "BritBase"]
[Source "www.saund.co.uk"]
[SourceDate "2018.02.10"]
[SourceVersion "1"]
[SourceVersionDate "2018.02.10"]
[SourceQuality "1"]

1. d4 Nf6 2. Bf4 d5 3. e3 c5 4. c3 Nc6 5. Nd2 cxd4 6. exd4 g6 7. Bd3 Bg7 8.
Ngf3 O-O 9. O-O Bf5 10. Qe2 Nh5 11. Be3 Bxd3 12. Qxd3 Qd6 13. Rfe1 a6 14. a4
Nf4 15. Qf1 Rae8 16. Nb3 Ne6 17. Qd3 Rd8 18. Qd2 Rfe8 19. Re2 a5 20. h3 b6 21.
Rae1 Nf8 22. Bf4 Qd7 23. Nc1 Na7 24. Nd3 Nc8 25. b3 Nd6 26. Nfe5 Qc8 27. f3 h5
28. Nf2 f6 29. Ned3 e6 30. Nb2 Nf7 31. Nfd3 Re7 32. Qc1 Qd7 33. Be3 Qb7 34. Rd1
Rde8 35. Qd2 e5 36. Nf2 Rd7 37. Qe1 Nd6 38. dxe5 fxe5 39. Bg5 Nf7 40. Be3 Qc6
41. Qd2 Rc8 42. Rc1 Ne6 43. Nbd3 b5 44. axb5 Qxb5 45. Qb2 Rdc7 46. Rec2 Rb7 47.
b4 e4 48. fxe4 dxe4 49. Nf4 Nxf4 50. Bxf4 Qf5 51. Be3 axb4 52. Bd4 Bxd4 53.
cxd4 Rcb8 54. Rc5 Qf4 1-0

[Event "Tradewise Gibraltar ChallWk1"]
[Site "Gibraltar"]
[Date "2017.01.24"]
[Round "2.26"]
[White "Seraoui, Mohcen"]
[Black "Odeh, Kenneth"]
[Result "1-0"]
[WhiteElo "2100"]
[BlackElo "1969"]
[PlyCount "100"]
[EventDate "2017.01.23"]
[EventType "swiss"]
[EventRounds "5"]
[EventCountry "GGB"]
[SourceTitle "BritBase"]
[Source "www.saund.co.uk"]
[SourceDate "2018.02.10"]
[SourceVersion "1"]
[SourceVersionDate "2018.02.10"]
[SourceQuality "1"]

1. e4 c6 2. d4 d5 3. Nc3 b5 4. a3 a6 5. g3 dxe4 6. Nxe4 Bf5 7. Bg2 e6 8. Ne2
Nf6 9. N2c3 Nd5 10. O-O Be7 11. Re1 O-O 12. h4 h6 13. a4 Nd7 14. Bd2 N7b6 15.
b3 b4 16. Ne2 a5 17. Rc1 Rc8 18. Nc5 Bxc5 19. dxc5 Nd7 20. c4 bxc3 21. Bxc3
Nxc3 22. Rxc3 Nf6 23. Nd4 Bg4 24. Qd2 Nd5 25. Rc4 Bh5 26. f4 Bg4 27. Kh2 Qc7
28. Bxd5 exd5 29. Rc3 Rce8 30. Rce3 Rxe3 31. Rxe3 Bc8 32. Qe1 Qa7 33. Qc3 Qc7
34. Qe1 Qa7 35. Nxc6 Qxc5 36. Rc3 Qa3 37. Ne7+ Kh7 38. Nxc8 d4 39. Rc7 Qb2+ 40.
Kh3 Qxb3 41. Qe4+ g6 42. h5 Rg8 43. Ne7 Rg7 44. Nxg6 f5 45. Rxg7+ Kxg7 46.
Qxd4+ Kf7 47. Qd7+ Kg8 48. Ne7+ Kf7 49. Nxf5+ Kf6 50. Qg7+ Ke6 1-0

[Event "Tradewise Gibraltar ChallWk1"]
[Site "Gibraltar"]
[Date "2017.01.24"]
[Round "2.27"]
[White "Spanton, Tim R"]
[Black "Schouten, Freek"]
[Result "0-1"]
[WhiteElo "1964"]
[BlackElo "2095"]
[PlyCount "84"]
[EventDate "2017.01.23"]
[EventType "swiss"]
[EventRounds "5"]
[EventCountry "GGB"]
[SourceTitle "BritBase"]
[Source "www.saund.co.uk"]
[SourceDate "2018.02.10"]
[SourceVersion "1"]
[SourceVersionDate "2018.02.10"]
[SourceQuality "1"]

1. e4 d6 2. d4 Nf6 3. Nc3 Nbd7 4. Nf3 e5 5. Bc4 Be7 6. O-O c6 7. a4 O-O 8. Re1
Qc7 9. Ba2 b6 10. Bg5 Re8 11. Qd2 Nf8 12. h3 Ng6 13. Rad1 Rd8 14. d5 c5 15. Bc4
a6 16. Qd3 Nh5 17. Be3 Rf8 18. g4 Nhf4 19. Qf1 h5 20. Nh2 Bd7 21. Bxa6 Nxh3+
22. Qxh3 hxg4 23. Qf1 f5 24. exf5 Bxf5 25. Bd3 e4 26. Nxe4 Rxa4 27. Ng3 Bxd3
28. Qxd3 Ne5 29. Qe2 Qd7 30. Ra1 Nf3+ 31. Nxf3 gxf3 32. Qf1 Rh4 33. Bd2 Bf6 34.
Re4 Rxe4 35. Nxe4 Qg4+ 36. Ng3 Be5 37. Kh2 Rf5 38. Be1 Rh5+ 39. Kg1 Qh4 40.
Ra8+ Kf7 41. Qb5 Qh2+ 42. Kf1 Qg2# 0-1

[Event "Tradewise Gibraltar ChallWk1"]
[Site "Gibraltar"]
[Date "2017.01.24"]
[Round "2.28"]
[White "Mircov, Nicola-Alexandar"]
[Black "Eagleton, Greg T"]
[Result "1/2-1/2"]
[WhiteElo "1957"]
[BlackElo "2055"]
[PlyCount "163"]
[EventDate "2017.01.23"]
[EventType "swiss"]
[EventRounds "5"]
[EventCountry "GGB"]
[SourceTitle "BritBase"]
[Source "www.saund.co.uk"]
[SourceDate "2018.02.10"]
[SourceVersion "1"]
[SourceVersionDate "2018.02.10"]
[SourceQuality "1"]

1. e4 c5 2. Nf3 d6 3. d4 cxd4 4. Nxd4 Nf6 5. Nc3 a6 6. Be2 e5 7. Nb3 Be7 8. a4
Be6 9. O-O O-O 10. Be3 Nbd7 11. a5 Qc7 12. Qd2 Nc5 13. Nxc5 dxc5 14. Nd5 Bxd5
15. exd5 Rad8 16. c4 Ne4 17. Qc2 f5 18. Bd3 Nd6 19. f3 Rde8 20. g3 e4 21. Be2
Bf6 22. f4 g6 23. Qd2 Rc8 24. Rab1 Qg7 25. Rfd1 h6 26. Bf1 g5 27. Kh1 Kh8 28.
Qf2 Qc7 29. b4 cxb4 30. Bb6 Qg7 31. c5 e3 32. Qxe3 Rfe8 33. Qg1 Ne4 34. Rxb4
Nc3 35. Rd3 Re1 36. c6 bxc6 37. d6 Qd7 38. Bd4 Nd5 39. Bxf6+ Nxf6 40. Qd4 Qg7
41. d7 Rd8 42. Rd1 Rxd7 43. Rxe1 Rxd4 44. Rxd4 Qc7 45. Re5 c5 46. Rc4 Qb7+ 47.
Kg1 Ne4 48. Rxf5 Nd2 49. Rcxc5 Qb1 50. Kf2 Ne4+ 51. Kg1 Nxc5 52. Rxc5 gxf4 53.
gxf4 Kg7 54. Rc7+ Kf8 55. Rc6 h5 56. Rxa6 Qe4 57. Rb6 Qxf4 58. Rb2 Qd4+ 59.
Rf2+ Ke7 60. a6 h4 61. Kg2 Ke6 62. Rf3 Ke5 63. Rf2 Qg4+ 64. Kh1 h3 65. a7 Qe4+
66. Kg1 Qa8 67. Bxh3 Qxa7 68. Bg4 Qa1+ 69. Kg2 Ke4 70. h3 Qc1 71. Re2+ Kf4 72.
Rf2+ Kg5 73. Rf5+ Kg6 74. Rf2 Kg5 75. Rf5+ Kg6 76. Rf1 Qd2+ 77. Rf2 Qc1 78. Rf5
Qc2+ 79. Rf2 Qc1 80. Kg3 Qg1+ 81. Kf3 Kg5 82. Re2 1/2-1/2

[Event "Tradewise Gibraltar ChallWk1"]
[Site "Gibraltar"]
[Date "2017.01.24"]
[Round "2.29"]
[White "Usleber, Helmut"]
[Black "Stole, Andreas"]
[Result "1-0"]
[WhiteElo "2052"]
[BlackElo "1946"]
[PlyCount "51"]
[EventDate "2017.01.23"]
[EventType "swiss"]
[EventRounds "5"]
[EventCountry "GGB"]
[SourceTitle "BritBase"]
[Source "www.saund.co.uk"]
[SourceDate "2018.02.10"]
[SourceVersion "1"]
[SourceVersionDate "2018.02.10"]
[SourceQuality "1"]

1. e4 c5 2. Nf3 g6 3. d4 cxd4 4. Bc4 Bg7 5. c3 dxc3 6. Nxc3 Nc6 7. Qb3 e6 8.
Nb5 d6 9. Bf4 Be5 10. Nxe5 dxe5 11. Rd1 Qe7 12. Nd6+ Kf8 13. Be3 Nd4 14. Bxd4
exd4 15. Rxd4 Nf6 16. O-O Kg7 17. Rfd1 Ng4 18. Qg3 Nh6 19. Bb3 Rd8 20. Qe5+ f6
21. Qc5 e5 22. Nf5+ Nxf5 23. Qxe7+ Nxe7 24. Rxd8 Nc6 25. Rg8+ Kh6 26. Be6 1-0

[Event "Tradewise Gibraltar ChallWk1"]
[Site "Gibraltar"]
[Date "2017.01.24"]
[Round "2.30"]
[White "Miracola, Giorgia"]
[Black "Carlsten, Peter"]
[Result "0-1"]
[WhiteElo "1924"]
[BlackElo "2047"]
[PlyCount "52"]
[EventDate "2017.01.23"]
[EventType "swiss"]
[EventRounds "5"]
[EventCountry "GGB"]
[SourceTitle "BritBase"]
[Source "www.saund.co.uk"]
[SourceDate "2018.02.10"]
[SourceVersion "1"]
[SourceVersionDate "2018.02.10"]
[SourceQuality "1"]

1. e4 c5 2. Nf3 Nc6 3. d4 cxd4 4. Nxd4 g6 5. c4 Bg7 6. Be3 Nh6 7. Be2 O-O 8.
O-O d6 9. Nc3 f5 10. exf5 Nxf5 11. Nxf5 Bxf5 12. Qd2 Qa5 13. Rfc1 Rac8 14. a3
Qe5 15. Bd3 Na5 16. Bxf5 Rxf5 17. Qc2 a6 18. Re1 Rh5 19. h3 Nxc4 20. Qb3 b5 21.
Bh6 Qf6 22. Bxg7 Kxg7 23. Rac1 Re5 24. Ne4 Rxe4 25. Rxe4 Nd2 26. Qd1 Rxc1 0-1

[Event "Tradewise Gibraltar ChallWk1"]
[Site "Gibraltar"]
[Date "2017.01.24"]
[Round "2.31"]
[White "Van Dongen, Edwin"]
[Black "Hajenius, Willem"]
[Result "1/2-1/2"]
[WhiteElo "2043"]
[BlackElo "1943"]
[PlyCount "78"]
[EventDate "2017.01.23"]
[EventType "swiss"]
[EventRounds "5"]
[EventCountry "GGB"]
[SourceTitle "BritBase"]
[Source "www.saund.co.uk"]
[SourceDate "2018.02.10"]
[SourceVersion "1"]
[SourceVersionDate "2018.02.10"]
[SourceQuality "1"]

1. f4 d5 2. Nf3 g6 3. e3 Bg7 4. Be2 c5 5. O-O Bg4 6. d3 Bxf3 7. Bxf3 Nc6 8. c3
e6 9. d4 cxd4 10. exd4 Nge7 11. Be2 h5 12. Nd2 Nf5 13. Nf3 Qb6 14. Qb3 Qc7 15.
Bd3 Nce7 16. Qa4+ Kf8 17. Ne5 Kg8 18. Qb3 Rd8 19. Bd2 Bf6 20. Rae1 Kg7 21. g3
Nd6 22. h3 Nef5 23. Rf3 Be7 24. Bb1 f6 25. Bxf5 gxf5 26. Nd3 Ne4 27. Re2 Kf7
28. Be1 Rdg8 29. Rg2 Rg7 30. Qd1 Bd6 31. h4 Kf8 32. Kh2 Rhg8 33. Qe2 Qf7 34.
Re3 Rg4 35. Rf3 Qg6 36. Re3 Kf7 37. Rf3 Qh6 38. Rf1 a6 39. Rf3 Qg6 1/2-1/2

[Event "Tradewise Gibraltar ChallWk1"]
[Site "Gibraltar"]
[Date "2017.01.24"]
[Round "2.32"]
[White "Stuhlmann, Alexander"]
[Black "Hamer, Martyn"]
[Result "1-0"]
[WhiteElo "1906"]
[BlackElo "2039"]
[PlyCount "85"]
[EventDate "2017.01.23"]
[EventType "swiss"]
[EventRounds "5"]
[EventCountry "GGB"]
[SourceTitle "BritBase"]
[Source "www.saund.co.uk"]
[SourceDate "2018.02.10"]
[SourceVersion "1"]
[SourceVersionDate "2018.02.10"]
[SourceQuality "1"]

1. c4 g5 2. g3 Bg7 3. Bg2 c5 4. d3 Nc6 5. Nc3 h6 6. e3 d6 7. Nge2 Nf6 8. a3 Bg4
9. h3 Bh5 10. g4 Bg6 11. Ng3 Qd7 12. Rb1 e6 13. e4 Ne5 14. Be3 b6 15. Qe2 Kf8
16. Nf5 exf5 17. exf5 Bxf5 18. gxf5 Re8 19. Ne4 Nxe4 20. dxe4 Nc6 21. O-O Bd4
22. Rfd1 Re5 23. b4 Bxe3 24. Qxe3 Nd4 25. Rxd4 cxd4 26. Qxd4 Ke7 27. Rd1 Rc8
28. Rc1 Qc6 29. Qe3 b5 30. c5 dxc5 31. f4 gxf4 32. Qxf4 Qf6 33. bxc5 Rexc5 34.
Rd1 Rc2 35. e5 Qb6+ 36. Kf1 R8c4 37. f6+ Ke8 38. Qg3 Rd4 39. Qg8+ Kd7 40. Qxf7+
Kc8 41. Qe8+ Kc7 42. Qe7+ Kc8 43. Qb7+ 1-0

[Event "Tradewise Gibraltar ChallWk1"]
[Site "Gibraltar"]
[Date "2017.01.24"]
[Round "2.33"]
[White "Wilen, Eero"]
[Black "Slinger, Tony J"]
[Result "1-0"]
[WhiteElo "2035"]
[BlackElo "1911"]
[PlyCount "108"]
[EventDate "2017.01.23"]
[EventType "swiss"]
[EventRounds "5"]
[EventCountry "GGB"]
[SourceTitle "BritBase"]
[Source "www.saund.co.uk"]
[SourceDate "2018.02.10"]
[SourceVersion "1"]
[SourceVersionDate "2018.02.10"]
[SourceQuality "1"]

1. c4 e5 2. Nc3 Nf6 3. g3 c6 4. Nf3 e4 5. Nd4 d5 6. cxd5 cxd5 7. Bg2 Nc6 8.
Nxc6 bxc6 9. d3 exd3 10. Qxd3 Be7 11. O-O O-O 12. Rd1 Qb6 13. h3 Be6 14. b3
Rfd8 15. Na4 Qb5 16. Be3 Qxd3 17. Rxd3 Bd7 18. Nc5 Be8 19. Rc1 h6 20. Bf4 g5
21. Bc7 Rdc8 22. Ba5 Nd7 23. Nxd7 Bxd7 24. e4 Be6 25. exd5 cxd5 26. Rxc8+ Rxc8
27. Bxd5 Bxh3 28. Bc4 Kg7 29. Bc3+ f6 30. Re3 Kf8 31. Kh2 Bf5 32. Bd4 Rc7 33.
a4 Bg6 34. g4 h5 35. gxh5 Bxh5 36. Rh3 Bg6 37. Rh8+ Kg7 38. Rg8+ Kh6 39. Rh8+
Kg7 40. Rg8+ Kh6 41. Ra8 Bd6+ 42. Kg1 Bc5 43. Bxc5 Rxc5 44. Rxa7 Re5 45. Kf1 g4
46. Rd7 Rh5 47. Bd3 Rh3 48. Bxg6 Kxg6 49. b4 Ra3 50. a5 Kf5 51. Kg2 Kf4 52.
Rd4+ Kg5 53. Rd6 f5 54. a6 Kf4 1-0

[Event "Tradewise Gibraltar ChallWk1"]
[Site "Gibraltar"]
[Date "2017.01.24"]
[Round "2.34"]
[White "Bernstein, Nathan"]
[Black "Newbry, Benjamin J"]
[Result "0-1"]
[WhiteElo "2015"]
[BlackElo "1879"]
[PlyCount "90"]
[EventDate "2017.01.23"]
[EventType "swiss"]
[EventRounds "5"]
[EventCountry "GGB"]
[SourceTitle "BritBase"]
[Source "www.saund.co.uk"]
[SourceDate "2018.02.10"]
[SourceVersion "1"]
[SourceVersionDate "2018.02.10"]
[SourceQuality "1"]

1. d4 b6 2. c4 Bb7 3. Nc3 e6 4. e3 Bb4 5. Bd2 f5 6. a3 Bxc3 7. Bxc3 Nf6 8. b4
O-O 9. Nf3 Ne4 10. Bb2 d6 11. Be2 Nd7 12. O-O Qe8 13. Ne1 Rf6 14. f3 Ng5 15.
Nd3 Rh6 16. Qe1 Qe7 17. Rd1 Rf8 18. Nf2 Nf6 19. Qd2 Qf7 20. h3 Qg6 21. Kh2 Nh5
22. Nh1 f4 23. Bd3 Qf6 24. e4 e5 25. Nf2 Ng3 26. Ng4 Nxf1+ 27. Bxf1 Rxh3+ 28.
gxh3 Nxf3+ 29. Kh1 Qg6 30. Qf2 h5 31. Nh2 Nh4 32. Bd3 Bxe4+ 33. Bxe4 Qxe4+ 34.
Kg1 Rf6 35. Re1 Rg6+ 36. Kf1 Qd3+ 37. Re2 Qxh3+ 38. Ke1 Ng2+ 39. Kd2 Qb3 40.
Kc1 Ne3 41. Qe1 e4 42. Kb1 Nxc4 43. Ka1 f3 44. Nxf3 exf3 45. Re8+ Kh7 0-1

[Event "Tradewise Gibraltar ChallWk1"]
[Site "Gibraltar"]
[Date "2017.01.24"]
[Round "2.35"]
[White "Ramirez Leyva, Freddy"]
[Black "Suez-Panama, Gilles"]
[Result "1/2-1/2"]
[WhiteElo "1862"]
[BlackElo "2010"]
[PlyCount "81"]
[EventDate "2017.01.23"]
[EventType "swiss"]
[EventRounds "5"]
[EventCountry "GGB"]
[SourceTitle "BritBase"]
[Source "www.saund.co.uk"]
[SourceDate "2018.02.10"]
[SourceVersion "1"]
[SourceVersionDate "2018.02.10"]
[SourceQuality "1"]

1. Nf3 Nf6 2. d4 g6 3. g3 Bg7 4. Bg2 O-O 5. O-O d6 6. c4 Nbd7 7. Nc3 c6 8. e4
e5 9. b3 Re8 10. Re1 Qc7 11. Bb2 Nf8 12. h3 Bd7 13. Rc1 Rad8 14. Kh2 Bc8 15.
Rc2 Nh5 16. Rd2 Ne6 17. d5 Nd4 18. Nxd4 exd4 19. Rxd4 Bxd4 20. Qxd4 c5 21. Qd1
Qe7 22. f4 Ng7 23. Ne2 f6 24. Ng1 Qf7 25. Nf3 Rf8 26. Qa1 Nh5 27. Qc1 Rde8 28.
Qc3 Re7 29. e5 fxe5 30. fxe5 dxe5 31. Nxe5 Qg7 32. Qd2 Nf6 33. d6 Ree8 34. Rf1
Bf5 35. g4 Rxe5 36. Bxe5 Nxg4+ 37. hxg4 Qxe5+ 38. Kg1 Bd7 39. Rxf8+ Kxf8 40.
Bxb7 Qg3+ 41. Qg2 1/2-1/2

[Event "Tradewise Gibraltar ChallWk1"]
[Site "Gibraltar"]
[Date "2017.01.24"]
[Round "2.36"]
[White "Ruiz Manrique, Joaquin"]
[Black "Ruud, Kjetil"]
[Result "0-1"]
[WhiteElo "1986"]
[BlackElo "1773"]
[PlyCount "62"]
[EventDate "2017.01.23"]
[EventType "swiss"]
[EventRounds "5"]
[EventCountry "GGB"]
[SourceTitle "BritBase"]
[Source "www.saund.co.uk"]
[SourceDate "2018.02.10"]
[SourceVersion "1"]
[SourceVersionDate "2018.02.10"]
[SourceQuality "1"]

1. e4 Nc6 2. d4 e5 3. d5 Nce7 4. c4 Ng6 5. Nc3 Bb4 6. Qb3 Qe7 7. Bd2 Nf6 8. f3
a5 9. O-O-O Bxc3 10. Qxc3 d6 11. g4 Nd7 12. Ne2 Nc5 13. Ng3 O-O 14. Nf5 Qe8 15.
b3 f6 16. h4 Nf4 17. Be3 Bd7 18. Rg1 b5 19. Qd2 b4 20. Bxc5 dxc5 21. Qe3 Bxf5
22. gxf5 Qe7 23. Rg4 a4 24. Bd3 axb3 25. axb3 Qd6 26. Bc2 Ra2 27. Kd2 Qa6 28.
Rdg1 Rf7 29. Qxc5 Rxc2+ 30. Kxc2 Qa2+ 31. Kd1 Qe2+ 0-1

[Event "Tradewise Gibraltar ChallWk1"]
[Site "Gibraltar"]
[Date "2017.01.24"]
[Round "2.37"]
[White "Day, Christopher"]
[Black "Burke, Mitchell R"]
[Result "0-1"]
[WhiteElo "1760"]
[BlackElo "1975"]
[PlyCount "73"]
[EventDate "2017.01.23"]
[EventType "swiss"]
[EventRounds "5"]
[EventCountry "GGB"]
[SourceTitle "BritBase"]
[Source "www.saund.co.uk"]
[SourceDate "2018.02.10"]
[SourceVersion "1"]
[SourceVersionDate "2018.02.10"]
[SourceQuality "1"]

1. Nf3 d6 2. d4 g6 3. c4 Bg7 4. e4 Nf6 5. Nc3 O-O 6. Be2 Nbd7 7. O-O e5 8. d5
a5 9. Bg5 h6 10. Bh4 Nc5 11. Nd2 Qe8 12. Nb5 Qd7 13. f3 Nh5 14. b3 f5 15. Bf2
b6 16. g3 Nf6 17. Nc3 h5 18. Kh1 Bh6 19. exf5 gxf5 20. Rg1 Kh8 21. Qc2 Qf7 22.
Raf1 Qh7 23. Be1 Bd7 24. Bd3 Rg8 25. a3 Raf8 26. Qb1 Be3 27. Rg2 Qh6 28. Bxf5
Bxf5 29. Qxf5 Nfe4 30. Qxf8 Rxf8 31. Ncxe4 Nd3 32. h3 Qh7 33. Bf2 Nxf2+ 34.
Rgxf2 Bxf2 35. Rxf2 Qh6 36. Kg2 Qe3 37. a4 0-1

[Event "Tradewise Gibraltar ChallWk1"]
[Site "Gibraltar"]
[Date "2017.01.25"]
[Round "3.1"]
[White "Dolzhikova, Olga"]
[Black "Renteria, Jorge"]
[Result "0-1"]
[WhiteElo "2164"]
[BlackElo "2242"]
[PlyCount "96"]
[EventDate "2017.01.23"]
[EventType "swiss"]
[EventRounds "5"]
[EventCountry "GGB"]
[SourceTitle "BritBase"]
[Source "www.saund.co.uk"]
[SourceDate "2018.02.10"]
[SourceVersion "1"]
[SourceVersionDate "2018.02.10"]
[SourceQuality "1"]

1. e4 c5 2. c3 d6 3. d4 Nf6 4. Bd3 g6 5. Nf3 Bg7 6. O-O cxd4 7. cxd4 O-O 8. Nc3
Bg4 9. Be3 Nfd7 10. Be2 Nc6 11. Qd2 a6 12. Rfd1 Rc8 13. Rac1 Re8 14. Ng5 Bxe2
15. Nxe2 Nf6 16. f3 e6 17. Nc3 d5 18. e5 Nd7 19. Kh1 f6 20. exf6 Qxf6 21. Nh3
Bf8 22. Nf2 h5 23. Nh3 Nb6 24. Bg5 Qg7 25. Qf4 Nc4 26. Bf6 Bd6 27. Bxg7 Bxf4
28. Nxf4 Kxg7 29. b3 Nd6 30. Nfe2 Nf5 31. Kg1 b5 32. Kf2 h4 33. Rd2 g5 34. Nd1
Nb4 35. a3 Rxc1 36. Nxc1 Rc8 37. axb4 Rxc1 38. Ne3 Rc3 39. Nxf5+ exf5 40. Rb2
Rd3 41. Ke2 Rxd4 42. Ra2 Kf6 43. Rxa6+ Ke5 44. g3 hxg3 45. hxg3 Rxb4 46. Rg6 g4
47. f4+ Kd4 48. Rf6 Rxb3 0-1

[Event "Tradewise Gibraltar ChallWk1"]
[Site "Gibraltar"]
[Date "2017.01.25"]
[Round "3.3"]
[White "Damia, Angelo"]
[Black "Gonzalez Gonzalez, Alfonso"]
[Result "0-1"]
[WhiteElo "2233"]
[BlackElo "2162"]
[PlyCount "68"]
[EventDate "2017.01.23"]
[EventType "swiss"]
[EventRounds "5"]
[EventCountry "GGB"]
[SourceTitle "BritBase"]
[Source "www.saund.co.uk"]
[SourceDate "2018.02.10"]
[SourceVersion "1"]
[SourceVersionDate "2018.02.10"]
[SourceQuality "1"]

1. e4 c5 2. Nf3 e6 3. d4 cxd4 4. Nxd4 Nf6 5. Nc3 Bb4 6. e5 Nd5 7. Ndb5 a6 8.
Nd6+ Bxd6 9. exd6 Nxc3 10. bxc3 O-O 11. Be3 Nc6 12. Be2 b5 13. a4 b4 14. cxb4
Nxb4 15. Bf3 Nd5 16. Bd2 Rb8 17. a5 Qf6 18. O-O Nc3 19. Qe1 Nb5 20. c4 Nd4 21.
Bd1 Bb7 22. Ra3 e5 23. Re3 e4 24. Bc3 Qxd6 25. Bb4 Qc6 26. Bxf8 Rxf8 27. Qb4
Ba8 28. Ba4 Qf6 29. Qb6 d6 30. Bd7 Qe5 31. Rd1 Nc2 32. Re2 e3 33. Rxc2 Qe4 34.
fxe3 Qxc2 0-1

[Event "Tradewise Gibraltar ChallWk1"]
[Site "Gibraltar"]
[Date "2017.01.25"]
[Round "3.4"]
[White "Galmandakh, Badrakh"]
[Black "Severijnen, Arjon"]
[Result "1/2-1/2"]
[WhiteElo "2215"]
[BlackElo "2153"]
[PlyCount "62"]
[EventDate "2017.01.23"]
[EventType "swiss"]
[EventRounds "5"]
[EventCountry "GGB"]
[SourceTitle "BritBase"]
[Source "www.saund.co.uk"]
[SourceDate "2018.02.10"]
[SourceVersion "1"]
[SourceVersionDate "2018.02.10"]
[SourceQuality "1"]

1. Nf3 g6 2. g3 Bg7 3. Bg2 d6 4. O-O e5 5. d3 Nc6 6. e4 f5 7. Nc3 Nf6 8. exf5
Bxf5 9. Nh4 Be6 10. f4 Qd7 11. fxe5 dxe5 12. Ne4 Nxe4 13. Bxe4 O-O-O 14. Be3
Rhf8 15. Bc5 Rxf1+ 16. Qxf1 Bd5 17. Be3 Nd4 18. Bxd4 exd4 19. Re1 Bh6 20. Ng2
Rf8 21. Qe2 Re8 22. Qf3 Rf8 23. Qe2 Re8 24. Bf5 Be3+ 25. Qxe3 dxe3 26. Bxd7+
Kxd7 27. Nxe3 Bxa2 28. b3 a5 29. Kf2 a4 30. bxa4 Rf8+ 31. Ke2 Ra8 1/2-1/2

[Event "Tradewise Gibraltar ChallWk1"]
[Site "Gibraltar"]
[Date "2017.01.25"]
[Round "3.5"]
[White "Madina Yadarola, Martin"]
[Black "Jordan Martinez, David"]
[Result "1-0"]
[WhiteElo "2214"]
[BlackElo "2122"]
[Annotator "Carr,Matthew"]
[PlyCount "71"]
[EventDate "2017.01.23"]
[EventType "swiss"]
[EventRounds "5"]
[EventCountry "GGB"]
[SourceTitle "BritBase"]
[Source "www.saund.co.uk"]
[SourceDate "2018.02.10"]
[SourceVersion "1"]
[SourceVersionDate "2018.02.10"]
[SourceQuality "1"]

1. e4 e6 2. d4 d5 3. Nc3 Nf6 4. e5 Nfd7 5. Nce2 c5 6. c3 Nc6 7. f4 Be7 8. Nf3
g6 9. Be3 b5 10. dxc5 Nxc5 11. Ned4 Nxd4 12. cxd4 Ne4 13. Bxb5+ Bd7 14. Bxd7+
Qxd7 15. O-O O-O 16. Nd2 Rab8 17. Nxe4 dxe4 18. Rf2 Rfc8 19. Rc1 Qd5 20. b3 Ba3
21. Rxc8+ Rxc8 22. Rc2 Ra8 23. Rc4 a5 24. Qc2 Kg7 25. h3 h5 26. Kh2 Bb4 27. Qf2
Be7 28. Qe1 Ra7 29. Bf2 Bh4 30. Qe3 Be7 31. Be1 Ra8 32. Bd2 Rb8 33. Rc7 Bb4 34.
Bc1 Qd8 35. Rc4 Qd5 36. Qe2 {Scoresheets illegible, unable to continue.} 1-0